Who is the NBA GOAT? - Statistics

General Stats
  • This quiz has been taken 184 times
  • The average score is 5 of 13
Answer Stats
Question Answer % Correct
Ray Allen Michael Jordan
75%
Charles Barkley Michael Jordan
67%
Penny Hardaway Michael Jordan
67%
Hakeem Olajuwon Michael Jordan
58%
Zion Williamson Michael Jordan
42%
Scottie Pippen LeBron James
33%
Dwyane Wade Michael Jordan
33%
Tracy McGrady LeBron James
25%
Robert Parish Kareem Abdul-Jabbar
17%
Gilbert Arenas LeBron James
17%
Bill Laimbeer LeBron James
17%
Allen Iverson LeBron James
8%
Isiah Thomas Kareem Abdul-Jabbar
0%
No matching quizzes found
Score Distribution
Percent of People with Each Score
Percentile by Number Answered
Your Score History
You have not taken this quiz